| 000 | 00558nam a2200229Ia 4500 | ||
|---|---|---|---|
| 003 | OSt | ||
| 005 | 20230929161726.0 | ||
| 008 | 210210b1947 xxu||||| |||| 00| 0 eng d | ||
| 040 | _cAL | ||
| 041 | _aeng | ||
| 082 | _a825/165 | ||
| 100 |
_aCHAMBERS (E K) _9135697 |
||
| 245 | _aMatthew Arnold: a study | ||
| 260 |
_aOxford _bAt the Clarendon Press _c1947 |
||
| 650 |
_astudy _9135698 |
||
| 650 |
_aMatthew _9135699 |
||
| 650 |
_aArnold: _9135700 |
||
| 650 |
_aa _9135701 |
||
| 690 |
_aEnglish Criticism _9135702 |
||
| 906 | _a014482 | ||
| 942 |
_2ddc _cBK |
||
| 999 |
_c133665 _d133665 |
||